Statistics for Rock and Heavy Metal Song Initials

Click here to take the quiz!

General Stats

  • This quiz has been taken 14,016 times
    (13,796 since last reset)
  • The average score is 12 of 20

Answer Stats

Initials Musical Act Song % Correct
LOAPBon JoviLivin' on a Prayer
88%
STHLed ZeppelinStairway to Heaven
88%
HTHAC/DCHighway to Hell
86%
TFCEuropeThe Final Countdown
78%
SOTWDeep PurpleSmoke on the Water
75%
WTTJGuns n' RosesWelcome to the Jungle
73%
ESMetallicaEnter Sandman
73%
WWBilly IdolWhite Wedding
65%
IMBlack SabbathIron Man
61%
(DF)TRBlue Öyster Cult(Don't Fear) The Reaper
60%
PSSOMDef LeppardPour Some Sugar on Me
57%
AOSMotorheadAce of Spades
57%
DDDDCAC/DCDirty Deeds Done Dirt Cheap
54%
BHSSoundgardenBlack Hole Sun
54%
RYLAHScorpionsRock You Like a Hurricane
44%
HFTVan HalenHot for Teacher
43%
TBABITThin LizzyThe Boys are Back in Town
42%
DRCKISSDetroit Rock City
41%
SISOSIGThe ClashShould I Stay or Should I Go?
40%
CSFTed NugentCat Scratch Fever
31%

Score Distribution

Percentile by Number Answered

Percent of People with Each Score

Your Score History

You have not taken this quiz since the last reset